| 000 | 00468nam a22001577a 4500 | ||
|---|---|---|---|
| 005 | 20251108172624.0 | ||
| 008 | 250721s9999 xx 000 0 eng d | ||
| 082 | 1 | 4 | _a671.732SIR |
| 245 | 1 | 0 | _aModern Technology of Elecctroplating Anodizing and other Surface Tretment / |
| 264 | 1 |
_aNew Delhi : _bSmall Industray Research, |
|
| 300 | _a320p. | ||
| 650 | 1 | 7 | _aElectroplating |
| 710 | 2 | _aSIRI Board of Consultants and Engineers | |
| 942 |
_2ddc _cBK |
||
| 999 |
_c84293 _d84293 |
||